Estadística matemática con aplicaciones / (Registro nro. 14478)

Detalles MARC
000 -LIDER
fixed length control field 01026cam a2200289 b 4500
001 - NÚMERO DE CONTROL
Identificador de número de control
003 - IDENTIFICACDOR DE NÚMERO DE CONTROL
control field
005 - DATE AND TIME OF LATEST TRANSACTION
control field 20231012113916.0
008 - ELEMENTOS DE LONGITUD FIJA
fixed length control field 980522s2002 mx | ||| ||spa
020 ## - ISBN
International Standard Book Number 9706861947
040 ## - FUENTE DE CATALOGACIÓN
Agencia que crea de manera original el registro BPMSU
Idioma de catalogación spa
Agencia que realiza la transcripción BPMSU
Convenciones de la despripción
082 #4 - NÚMERO DE CLASIFICACIÓN DECIMAL DE DEWEY
Classification number 519.5
Item number W716e 2002
Edition number 22
100 1# - ASIENTO PRINCIPAL -- NOMBRE PERSONAL
Nombre personal Mendenhall, William.
Fechas asociadas con el nombre
245 10 - MENCIÓN DE TITULO
Título Estadística matemática con aplicaciones /
Mención de responsabilidad William Mendenhall III, Dennis D. Wackerly, Richard L. Scheaffer ; traducción Jorge Yescas Milanés ; revisión Alejandro Alegría Hernández, Esperanza Sáinz Robles.
Medio (Designación general de material)
Subtítulo
250 ## - MENCIÓN DE EDICION
Mención de edición 6a. ed.
Mención de responsabilidad relacionada con la edición edición revisada.
260 ## - PUBLICACIÓN, DISTRIBUCIÓN, ETC. (PIE DE IMPRENTA)
Lugar de publicación, distribución, etc México :
Nombre del editor, distribuidor, etc. Thomson,
Fecha de publicación, distribución, etc 2002
300 ## - DESCRIPCIÓN FÍSICA
Extensión 853 p. ;
Dimensiones 25 cm
590 ## - NOTA LOCAL
Texto de la nota local Inventariado, 2023/VM
650 #4 - ENCABEZAMIENTO DE MATERIA--TEMÁTICO
Término temático o nombre geográfico como elemento de entrada Estadística matemática.
Fuente del encabezamiento o término
650 #4 - ENCABEZAMIENTO DE MATERIA--TEMÁTICO
Término temático o nombre geográfico como elemento de entrada Probabilidades.
Fuente del encabezamiento o término
700 1# - ASIENTO SECUNDARIO -- NOMBRE PERSONAL
Nombre personal Wackerly, Dennis D.
700 1# - ASIENTO SECUNDARIO -- NOMBRE PERSONAL
Nombre personal Scheaffer, Richard L.
700 1# - ASIENTO SECUNDARIO -- NOMBRE PERSONAL
Nombre personal Yescas Milanés, Jorge,
Mención de responsabilidad tr.
700 1# - ASIENTO SECUNDARIO -- NOMBRE PERSONAL
Nombre personal Cabañas Chávez, Rocío,
Mención de responsabilidad ed.
910 ## - VALIDACIÓN
Validación VMateo V. Control de calidad. BPMSU
942 ## - ADDED ENTRY ELEMENTS (KOHA)
Source of classification or shelving scheme Dewey Decimal Classification
Koha item type Libros
Existencias
Withdrawn status Lost status Source of classification or shelving scheme Damaged status Not for loan Collection code Home library Current library Date acquired Total Checkouts Full call number Barcode Date last seen Price effective from Koha item type
    Dewey Decimal Classification     Colección General Biblioteca Pública Metropolitana Salomé Ureña Biblioteca Pública Metropolitana Salomé Ureña 10/12/2023   BPMSU CG 519.5 W716e 2002 BPMSU23100024 10/12/2023 10/12/2023 Libros